| 000 | 01192nam a2200229Ia 4500 | ||
|---|---|---|---|
| 001 | L140-954 | ||
| 003 | IT-CnALBA | ||
| 008 | 170116s9999||||xx |||||||||||||| ||und|| | ||
| 040 |
_aIT-CnALBA _cIT-CnALBA |
||
| 041 | _aITALIANO | ||
| 100 | _aAMBROSI LUIGI | ||
| 245 | 0 | _aPRIMO PASSO (IL) ALLA FILOSOFIA. VOL. III ETICA. | |
| 250 | _a1a ed. | ||
| 260 |
_a MILANO - ROMA- NAPOLI _bALIGHIERI DANTE, SOC. EDITR. _c1905 [1° Ed.:1905 - Ed.Ling.Originale: 1905] |
||
| 300 | _a394 p. | ||
| 500 | _aBIBLIOTECA CAN. CHIESA. ETICA: OGGETTO METODO MORALITÀ COSCIENZA MORALE. LEGGE MORALE E FINE SUPREMO. ETICA UTILITARIA SENTIMENTALE RAZIONALE. DOVERE E FELICITÀ. ETICA E SUA DIVISIONE. ETICA INDIVIDUALE SOCIALE. FAMIGLIA STATO UMANITÀ ' | ||
| 501 | _aSocietà San Paolo EM - Piazza San Paolo, 14 - 12051 ALBA (CN) (non commercial uses only) ® Copyright 2017 | ||
| 520 | _aBIBLIOTECA CAN. CHIESA. ETICA: OGGETTO METODO MORALITÀ COSCIENZA MORALE. LEGGE MORALE E FINE SUPREMO. ETICA UTILITARIA SENTIMENTALE RAZIONALE. DOVERE E FELICITÀ. ETICA E SUA DIVISIONE. ETICA INDIVIDUALE SOCIALE. FAMIGLIA STATO UMANITÀ ' | ||
| 650 | _aSISTEMI FILOSOFICI | ||
| 942 | _cBK | ||
| 957 | _71 | ||
| 999 |
_a1046 _bSI _g Copie: 1 _c260183 _d260183 |
||